Obálka Náhled e-knihy:
PDF Epub
Pro půjčování e-knih musíte být přihlášeni.
Jak si půjčit online?

Anekdoty. 4, Policajti

Útlá sbírka anekdot o policajtech je doplněna vtipnými ilustracemi a průvodním slovem ji provází herec Ladislav Potměšil alias major Maisner.

Uloženo v:
Série:Anekdoty, část 4
Médium: E-kniha
Jazyk:Czech
Vydáno: Brno : CPress, 2019
Vydání:1. vydání
Témata:
Příbuzné jednotky:Z cyklu:: Anekdoty
Tagy:
Žádné tagy
LEADER 01855nam a2200469 i 4500
001 311001
003 CZ PrSKC
005 20260601215658.0
007 ta
008 190128s2019 xr a g 000 h cze
015 |a cnb003072977 
020 |a 9788026423607  |q (vázáno) :  |c Kč 123,00 
035 |a (OCoLC)1096295325 
040 |a BOA001  |b cze  |e rda 
072 7 |a 821-1/-8  |x Literatura různých forem a žánrů  |2 Konspekt 
080 |a 821-36  |2 MRF 
080 |a 351.74  |2 MRF 
080 |a 351.74-051  |2 MRF 
080 |a 82-7  |2 MRF 
080 |a (0:82-36)  |2 MRF 
245 0 0 |a Anekdoty.  |n 4,  |p Policajti 
246 3 0 |a Policajti 
250 |a 1. vydání 
264 1 |a Brno :  |b CPress,  |c 2019 
300 |a 104 stran :  |b ilustrace ;  |c 18 cm 
336 |a text  |b txt  |2 rdacontent 
337 |a bez média  |b n  |2 rdamedia 
338 |a svazek  |b nc  |2 rdacarrier 
520 2 |a Útlá sbírka anekdot o policajtech je doplněna vtipnými ilustracemi a průvodním slovem ji provází herec Ladislav Potměšil alias major Maisner. 
650 0 7 |a policie  |7 ph124228  |x humor  |2 czenas 
650 0 7 |a policisté  |7 ph124229  |x humor  |2 czenas 
650 0 9 |a police  |x humor  |2 eczenas 
650 0 9 |a policemen  |x humor  |2 eczenas 
655 7 |a anekdoty  |7 fd131798  |2 czenas 
655 9 |a anecdotes  |2 eczenas 
900 |a ABA001  |b 19 
928 9 |a Albatros Media - CPress 
044 |a xr 
787 0 8 |g 4  |i Z cyklu:  |t Anekdoty 
910 |a RBIT002 
998 |d 183418  |a https://core.palmknihy.cz/api/books/183418/cover?pls8b9  |b https://core.palmknihy.cz/api/books/183418/cover/400?pls8b9  |c https://core.palmknihy.cz/api/books/183418/cover/50?pls8b9  |e 2050-12-31  |g 104  |i 9788026423607  |j https://core.palmknihy.cz/api/books/183418/preview.epub  |k https://core.palmknihy.cz/api/books/183418/preview.pdf  |l   |q 49  |r 1  |s https://www.palmknihy.cz/kniha/183418  |t ebook  |y 2019  |z 0  |v Anekdoty  |w 4 
999 |d 310999